000 00303nam a2200133Ia 4500
008 231129s1972||||xx |||||||||||||| ||spa||
040 _bspa
082 _a331.89 D922n
100 _aDunlop John F
245 0 _aLas negociaciones colectivas
260 _c1972
264 _aMarymar
942 _2ddc
_cBKS
999 _c18873
_d18873